| 000 | 00885nam a2200253 i 4500 | ||
|---|---|---|---|
| 001 | 60997 | ||
| 003 | ES-MaACL | ||
| 005 | 20230906164339.0 | ||
| 007 | t| | ||
| 008 | 031110s1971 sp ||||1| spa d | ||
| 080 | _a875 Homero 7 Odisea.06 | ||
| 080 | _a875 Eurípides 7 Medea.06 | ||
| 245 | 0 | 0 | _aEstudios de literatura griega. |
| 260 |
_aMadrid : _bFundación Pastor de Estudios Clásicos, _c1971. |
||
| 300 |
_a81 p. ; _c24 cm. |
||
| 490 | 1 |
_aCuadernos de la Fundación Pastor ; _v18 |
|
| 505 | 8 | _aContiene: La Odisea como poesía / por Wolgang Schadewalt . Medea exul / por Manuel Fernández-Galiano | |
| 600 | 0 | 4 |
_aHomero. _tLa Odisea. _964114 |
| 600 | 0 | 4 |
_aEurípides. _tMedea. _948334 |
| 710 | 2 |
_aFundación Pastor de Estudios Clásicos. _94386 |
|
| 830 | 1 |
_aCuadernos de la Fundación Pastor ; _v18 _9182742 |
|
| 852 |
_aES-MaACL _jC-43097 |
||
| 999 |
_c60997 _d60997 |
||